Herkunft und Soziale Stellung der Römischen Juristen
Saved in:
| Hovedforfatter: | |
|---|---|
| Format: | Bog |
| Sprog: | tysk |
| Udgivet: |
Colonia
Hermann Böhlaus
1967
|
| Serier: | Forschungen zum Römischen Recht, 4
|
| Fag: | |
| Tags: |
Tilføj Tag
Ingen Tags, Vær først til at tagge denne postø!
|
MARC
| LEADER | 00000nam a2200000 a 4500 | ||
|---|---|---|---|
| 001 | UCR1678 | ||
| 003 | CL-VaPUC | ||
| 008 | 971219e19670000GW |||||||||||||||||ger|d | ||
| 082 | 0 | 4 | |a 340.5409 |b KUN |2 21 |
| 100 | |a Kunkel, Wolfgang |e author |9 401200 | ||
| 245 | 1 | 0 | |a Herkunft und Soziale Stellung der Römischen Juristen |
| 300 | |a 415 p | ||
| 942 | |c BK | ||
| 945 | |d 19971219 00:00:00 |a aolguin | ||
| 260 | |a Colonia |b Hermann Böhlaus |c 1967 | ||
| 650 | 0 | |a Derecho romano |9 255930 | |
| 650 | 0 | |a Historia |9 255047 | |
| 650 | 7 | |a ORIGEN |2 CL-VaPUC |9 373505 | |
| 650 | 0 | |a República |9 310048 | |
| 650 | 0 | |a Juristas |9 255986 | |
| 650 | 7 | |a ORDEN SOCIAL |2 CL-VaPUC |9 384516 | |
| 650 | 0 | |a Derecho justiniano |9 397596 | |
| 583 | |a last modification |c 19971219 00:00:00 |k Rodrigo Vera | ||
| 490 | 0 | |a Forschungen zum Römischen Recht, 4 | |
| 999 | |c 265045 |d 265043 | ||
| 952 | |0 0 |1 0 |4 0 |6 340_540900000000000_KUN_1967 |7 0 |8 DER_ROM |9 295825 |a BIBDER |b BIBDER |d 2019-11-20 |i 1918184 |o 340.5409 KUN 1967 |p 1918184 |r 2023-01-25 |w 2019-11-20 |x Ubicación 4to piso |y BK |z Este recurso debe solicitarse con anticipación |k DER | ||